La exteriorización de bienes, los beneficios y el rol de las provincias (Registro nro. 22559)

Detalles MARC
000 -LEADER
fixed length control field 00367 a2200109 4500
001 - CONTROL NUMBER
control field ART_61376
005 - DATE AND TIME OF LATEST TRANSACTION
control field 20260410161823.0
008 - FIXED-LENGTH DATA ELEMENTS--GENERAL INFORMATION
fixed length control field 260409a
100 1# - MAIN ENTRY--PERSONAL NAME
Personal name Vega, Gerardo E.
245 10 - TITLE STATEMENT
Title La exteriorización de bienes, los beneficios y el rol de las provincias
773 0# - HOST ITEM ENTRY
Title Doctrina Penal Tributaria y Económica
Related parts - Nº 73 (sep. 2024)
Record control number REV4317

No hay ítems disponibles.